000 00774cam a2200301 4500500
005 20260405003105.0
041 _afre
042 _adc
100 1 0 _aRontard, Yseult
_eauthor
245 0 0 _aPerspectives/Août 2020
260 _c2020.
500 _a32
690 _aArgent
690 _aArmée
690 _aCovid-19
690 _aDavid Hume
690 _aÉconomie
690 _aEurope
690 _aFemme
690 _aFrédéric Gros
690 _aGuerre
690 _aHume
690 _aIvan Krastev
690 _aSexisme
690 _aWikipédia
786 0 _nPhilosophie magazine | 141 | 8 | 2020-08-01 | p. 5-5 | 1951-1787
856 4 1 _uhttps://shs.cairn.info/magazine-philosophie-magazine-2020-8-page-5?lang=fr&redirect-ssocas=7080
999 _c2064294
_d2064294